Stochastic processes /
Guardado en:
| Autor Principal: | |
|---|---|
| Formato: | Libro |
| Idioma: | English |
| Publicado: |
San Francisco :
Holden-Day,
1962.
|
| Series: | Holden-Day series in probability and statistics
|
| Etiquetas: |
Agregar Etiqueta
Sin Etiquetas, Sea el primero en etiquetar este registro!
|
| LEADER | 00527nam a22001695a 4500 | ||
|---|---|---|---|
| 001 | MAT.inmabb001476 | ||
| 008 | 031124s1962####xxu###########000#0#eng#d | ||
| 005 | 20160601140851.0 | ||
| 245 | 1 | 0 | |a Stochastic processes / |c Emanuel Parzen. |
| 260 | |a San Francisco : |b Holden-Day, |c 1962. | ||
| 300 | |a xi, 324 p. ; |c 24 cm. | ||
| 440 | 0 | |a Holden-Day series in probability and statistics | |
| 510 | 4 | |a MR, |c 25 #2628 | |
| 100 | 1 | |a Parzen, Emanuel, |d 1929- | |
| 084 | |a 60-01 |2 msc2000 | ||
| 010 | |a 62009243 | ||
| 859 | |h 60 |i P276s |p A-1783 |b BIB. MATEMATICA | ||
